000 00576nam a2200205Ia 4500
005 20250923145608.0
008 008 250917s9999 xx 000 0 eng d
037 _aTextual
040 _aDSWL
_beng
_cDSWL
041 _aeng
_2eng
084 _aZ2(X.9), N83
_qDSWL
100 _aMonga, M.L.
_9836970
245 0 _aIndustrial relations and labour laws in India
_c by M.L.Monga
260 _aNew Delhi
_b Deep & Deep
_c1983
300 _a300 p.
365 _aINR
_b76.50
925 _g76.50
942 _cTEXL
_hZ2(X.9), N83
999 _c1453274
_d1453274